Geografia - prawda czy fałsz? #5 - Statystyki

Ogólne statystyki
  • Ten quiz został rozwiązany 3 864 razy
    3 828 od ostatniego zresetowania
  • Średni wynik to 11 z 16
Statystyki odpowiedzi
Zagadnienie Odpowiedź % Poprawnych
Mongolia nie ma dostępu do morza Prawda
94%
Każde państwo posiadający elektrownie jądrowe ma także broń nuklearną Fałsz
91%
Większość Polaków to Słowianie Prawda
87%
Hindi jest najczęściej używanym językiem w Indiach Prawda
79%
Turcja zażądała wyświetlania jej anglojęzycznej nazwy jako Türkiye Prawda
79%
Amsterdam ma 90 wysp, ale nie ma mostów Fałsz
76%
„Tajga” to subarktyczny krajobraz, który jest w większości pozbawiony drzew Fałsz
72%
W Ameryce Północnej nie ma krajów śródlądowych Prawda
72%
Rijad leży nad morzem Fałsz
68%
Bombaj leży na zachodnim wybrzeżu Indii Prawda
67%
Bohemia To Prawdziwe miejsce Prawda
64%
Korona Gór Polski składa się z 28 szczytów Prawda
60%
Pustynia Kalahari znajduje się w Afryce Prawda
58%
Kanada graniczy ze wszystkimi pięcioma Wielkimi Jeziorami Ameryki Północnej Fałsz
49%
Większość mieszkańców Afryki potrafi rozmawiać po francusku Fałsz
42%
Acapulco leży nad Zatoką Meksykańską Fałsz
32%
Nie znaleziono quizów pasujących do podanych kryteriów
Rozkład punktacji
Procent ludzi z każdym wynikiem
Percentyl według liczby udzielonych odpowiedzi
Twoja historia wyników
Nie rozwiązałeś tego quizu od ostatniego zresetowania